Przedziwna historia don Kichota z Manczy. (Record no. 3179)

MARC details
000 -CABECERA
campo de control de longitud fija 01168nam a2200301 a 4500
001 - NÚMERO DE CONTROL
campo de control BRCA_3443
005 - FECHA Y HORA DE LA ÚLTIMA TRANSACCIÓN
campo de control 20190320204303.0
041 ## - CÓDIGO DE LENGUA
Código de lengua del texto/banda sonora o título independiente pol
044 ## - CÓDIGO DEL PAÍS DE LA ENTIDAD EDITORA/PRODUCTORA
Código MARC del país pl
084 ## - OTRO NÚMERO DE CLASIFICACIÓN
Número de clasificación 732
Número de documento/Ítem .I85
-- 1954
245 10 - MENCIÓN DE TÍTULO
Título Przedziwna historia don Kichota z Manczy.
260 ## - PUBLICACIÓN, DISTRIBUCIÓN, ETC.
Lugar de publicación, distribución, etc. [Varsovia]
Nombre del editor, distribuidor, etc. [Wydawnictwo Iskry]
Fecha de publicación, distribución, etc. [1954]
300 ## - DESCRIPCIÓN FÍSICA
Extensión 67 p.
Otras características físicas il.
Dimensiones 21 cm.
500 ## - NOTA GENERAL
Nota general Edición : i jego autora, Napisala Ewa Szelburg-Zarembina; ilustrowal iokladke projektowia Jerzy Skarzynki
500 ## - NOTA GENERAL
Nota general Compendio muy breve de la novela, en polaco, por Ewa Szelburg-Zarembina. Ilustrado. Rústica Lúdovik Osterc
500 ## - NOTA GENERAL
Nota general Estado físico : Encuadernación en papel
500 ## - NOTA GENERAL
Nota general QMB118
546 ## - NOTA DE LENGUA/LENGUAJE
Nota de lengua/lenguaje Texto en : polaco
650 14 - PUNTO DE ACCESO ADICIONAL DE MATERIA--TÉRMINO DE MATERIA
Término de materia o nombre geográfico como elemento de entrada Novela española
Subdivisión cronológica Época clásica, 1500-1700
9 (RLIN) 215
650 14 - PUNTO DE ACCESO ADICIONAL DE MATERIA--TÉRMINO DE MATERIA
Término de materia o nombre geográfico como elemento de entrada Literatura española
Subdivisión cronológica Época clásica, 1500-1700
9 (RLIN) 216
650 14 - PUNTO DE ACCESO ADICIONAL DE MATERIA--TÉRMINO DE MATERIA
Término de materia o nombre geográfico como elemento de entrada Novela española
Subdivisión cronológica Siglo XVII
9 (RLIN) 217
650 14 - PUNTO DE ACCESO ADICIONAL DE MATERIA--TÉRMINO DE MATERIA
Término de materia o nombre geográfico como elemento de entrada Don Quijote (Personaje ficticio)
Término indicativo de función/relación Novela
9 (RLIN) 218
700 1# - PUNTO DE ACCESO ADICIONAL--NOMBRE DE PERSONA
Nombre de persona Szelburg-Zarembina, Ewa
Fechas asociadas al nombre 1899-1986
Término indicativo de función/relación Editora
9 (RLIN) 9010
700 1# - PUNTO DE ACCESO ADICIONAL--NOMBRE DE PERSONA
Nombre de persona Skarzynki, Jerzy
Fechas asociadas al nombre 1924-2004
Término indicativo de función/relación Ilustrador
9 (RLIN) 9011
740 0# - PUNTO DE ACCESO ADICIONAL--TÍTULO RELACIONADO O ANALÍTICO NO CONTROLADO
Título relacionado o analítico no controlado El Ingenioso Hidalgo Don Quijote de la Mancha
902 ## - CATALOGADOR
Iniciales QFM
942 ## - ELEMENTOS DE PUNTO DE ACCESO ADICIONAL (KOHA)
Fuente del sistema de clasificación o colocación Library of Congress Classification
Tipo de ítem Koha Libros
Holdings
Estado de retiro Estado de pérdida Estado dañado No para préstamo Localización permanente Ubicación/localización actual Fecha de adquisición Número de inventario Total de préstamos Signatura topográfica completa Código de barras Fecha visto por última vez Precio válido a partir de Tipo de ítem Koha
El ejemplar forma parte de la colección y puede ser consultado según las políticas vigentes.       Biblioteca del Museo Franz Mayer (Rogerio Casas-Alatriste) Biblioteca del Museo Franz Mayer (Rogerio Casas-Alatriste) 14/04/2009 QMB118   732 .I85 1954 (QMB118) 3440 22/03/2019 22/03/2019 Libros